Neskromné plány České námořní plavby
Hlavná činnosť Českej námornej plavby (ČNP). Kapacita a dispozície flotily ČNP. Postavenie firmy na svetovom trhu, jej dcérske spoločnosti, zdroje financovania a stratégia investičná. Akcie ČNP na trhu v ČR. Finančný plán spoločnosti do r.2001.
Gespeichert in:
| 1. Verfasser: | |
|---|---|
| Format: | Buchkapitel |
| Sprache: | Tschechisch |
| Schlagworte: | |
| Tags: |
Keine Tags, Fügen Sie das erste Tag hinzu!
|
MARC
| LEADER | 00000naa a2200000 4500 | ||
|---|---|---|---|
| 001 | r019300 | ||
| 005 | 20221205102833.7 | ||
| 041 | 0 | |a cze | |
| 044 | |a CZ | ||
| 245 | 1 | 0 | |a Neskromné plány České námořní plavby |c L. Ziková |
| 520 | |a Hlavná činnosť Českej námornej plavby (ČNP). Kapacita a dispozície flotily ČNP. Postavenie firmy na svetovom trhu, jej dcérske spoločnosti, zdroje financovania a stratégia investičná. Akcie ČNP na trhu v ČR. Finančný plán spoločnosti do r.2001. | ||
| 610 | 2 | 0 | |a doprava námorná |
| 610 | 2 | 0 | |a spoločnosti dopravné |
| 610 | 2 | 0 | |a preprava |
| 610 | 2 | 0 | |a spoločnosti dcérske |
| 610 | 2 | 0 | |a trh svetový |
| 610 | 2 | 0 | |a ukazovatele finančné |
| 610 | 2 | 0 | |a plán finančný |
| 610 | 2 | 0 | |a Česko |
| 610 | 2 | 0 | |a loďstvo |
| 610 | 2 | 0 | |a Česká námorná plavba |
| 100 | 1 | |a Ziková, L. | |